000 00674nam a2200217 i 4500
001 7254
003 ES-MaACL
005 20250522063041.0
007 t|
008 901114s1990 sp ||||1| spa d
020 _a84-87169-08-2
080 _a9(46)"1936/1939"
100 1 _aOlaya Morales, Francisco
_986678
245 1 3 _aEl oro de Negrín /
_cFrancisco Olaya Morales.
260 _aMostoles [España] :
_bMadre Tierra,
_c1990.
300 _a503 p. ;
_c24 cm.
651 4 _aEspaña-
_xHistoria-
_y1936-1939, Guerra civil.
_98292
852 _aES-MaACL
_jL-14460
_bR.118253
_z. - rust.
852 _aES-MaACL
_jL-14461
_bR.118296
999 _c7254
_d7254